000 01713cad a22002175a 4500
001 L157327
008 121019s2012 xxk f 000 0 eng d
020 _a9781907196348
035 _a(Sirsi) u157327
041 0 _achinese
110 2 _aBuilding Cost Information Services
_96102
245 0 0 _aPrinciples of elemental classification for buildings (International)
_h[electronic resource]
260 _aLondon
_bBCIS
_c2012
520 _aIn response to interest from China in elemental cost analysis, BCIS has produced a simplified Chinese version of its free download Principles of elemental classification for buildings (International). Building clients, consultants and contractors need a standard classification framework to provide a consistent means of communicating functional requirements, costs and specification throughout the life cycle of a project and a building. The BCIS document presents a classification of the major parts of a building by their function. These are called 'Elements'. The application of Elements is seen around the world. Many developed countries have their own classification of Elements and almost invariably, these country codes are based on the elemental structures that BCIS originated. BCIS has produced this summary of the classification at the group element and elemental level for use internationally and in countries where there is no local standard. This document is in Chinese.
521 _aAdvanced
651 4 _aChina
651 4 _aInternational
690 _aCost management
_96233
856 4 0 _uhttps://www.bcis.co.uk/downloads/Chinese_Translation_BCIS_Principles_of_Elemental_Classification.pdf
_zView this free of charge at www.bcis.co.uk.
942 _n0
999 _c114722
_d114722